【プロ野球】 千葉ロッテマリーンズ 旧応援歌 - Statistics

General Stats
  • This quiz has been taken 40 times
  • The average score is 22 of 37
Answer Stats
応援歌 選手名 % Correct
歓声の渦巻いて 大きくほうり込め 歌え!踊れ!打ちまくれ!いざゆけ〇〇 里崎智也
93%
6番背負った 男の心意気 今こそ見せろ 燃えろよ〇〇 〇〇打て 〇〇打て ラララ… 打て〇〇 頼むぞ〇〇 井口資仁
90%
オオオ… 俺達の〇〇 一打に全て込めて  不屈の闘志を見せてくれ 千葉の誇り胸に 福浦和也
90%
ラーララ⋯〇〇! ラーララ⋯Let's Go!スピードスター! 〇〇!〇〇! 西岡剛
90%
今こそ羽ばたけ 遙かなる空へ 風になれ〇〇 ひたむきに進め 〇〇 力の限り 踏み出せ魂を震わせて 〇〇 希望の空へ 風を超えて突き進め 鈴木大地
87%
〇〇 さあ立ち上がれ今こそ 愛するチームのため 待っていたんだ その戦う姿を 輝け〇〇 サブロー
87%
更なる未来 目指して突き進め 頂点狙え 〇〇〇〇 今江敏晃
87%
Go!〇〇 〇〇 全力で飛ばせ Go!〇〇 〇〇 全力で走れラララ… 今こそ〇〇〇〇 大空高く 清田育宏
83%
オオオ… レッツゴー〇〇 ラララ… オオオ… レッツゴー〇〇 ラララ… ラララ…〇〇〇〇 今日も俺達に勝利運べよ ラララ…〇〇〇〇 今日も俺達に勝利運べよ オイ!オイ!オイ!オイ!オイ!飛ばせ〇〇〇〇! 平沢大河
80%
ラララ〇〇〇〇 ラララホームラン〇〇〇〇打てよ今ここで ラララ…〇〇〇〇 井上晴哉
80%
駆け抜けろ強く 勝利を目指して 光を放つ 君の勇姿〇〇〇〇 〇〇〇〇 飛びたて〇〇 彼方まで 加藤翔平
73%
熱い風巻き起こせ 情熱込めてゆけ さぁ遠くまで遠くまで飛ばそうぜ チバリヨ〇〇 伊志嶺翔大
73%
打てよ力強く 放て鋭い打球 〇〇走り抜け 風よりも速く ラララ…熱くハートを燃やせ  鋭く振りぬけ 守備も魅せてくれ さあ走り出せ〇〇 岡田幸文
73%
俺らの期待背に 闘志を燃やして進めよ 夢あふれる希望の道 オイ!オイ!〇〇〇〇! 煌めく未来へ駆けまわれ 福田秀平
70%
オイ!〇〇〇〇 未来へ続く扉 今開けろ 三木亮
70%
oh yeah 〇〇〇〇 〇〇〇〇 oh-ohoh yeah 〇〇〇〇 〇〇〇〇 oh-oh 細谷圭
63%
ララララ〇〇 ララララ〇〇 ホームを守るんだララララ〇〇 ララララ〇〇 さあここで打て 吉田裕太
60%
バモス〇〇 ラララララ〇〇 〇〇 ララララ マーティン
60%
誰よりもぶちかませ ボールをスタンドへ 今秘めた闘志込めて 打てよ〇〇〇〇 大松尚逸
57%
君は頼れる左バッター 〇〇〇〇 その名をとどろかせろ さあ振りぬけ強く 金澤岳
53%
勝利に向かって 走り抜けろ 熱い気迫だ〇〇 津軽の隼 工藤隆人
53%
ミナミ風に乗せて 大きく飛ばそう 打てよ打てよ打てよさぁ ここで燃えろ〇〇 南竜介
53%
ラララ⋯Let's Go 〇〇 Let's Go 〇〇 俺たちの〇〇 Let's Go 〇〇 Let's Go 〇〇 俺たちの〇〇 ベニー
53%
球界一の キャッチャーになる男 右に左に打ちまくれ 戦え〇〇 青柳進
53%
オイ!オイ!オイ!闘魂たぎらせ 燃えろよ〇〇 江村直也
50%
オイ!オイ!オイ! レッツゴー 〇〇 オーオオー レッツゴー 〇〇 オーオオー レアード
50%
ラララ…俺たちとこのチームでいつまでも 〇〇 今こそ見せてくれ 勝負に賭ける想いを 根元俊一
47%
〇〇Go!〇〇Go!〇〇Go!〇〇ぶっちぎれ 早坂圭介
47%
〇〇のバットに気をつけろ 狙いは定めたぞ 俺らのハートに火をつけろ 今こそ燃え上がれ 塀内久雄
43%
お前の一振りで 打線に火をつけろ 爆発だ桜島 打て 〇〇〇〇 青野毅
43%
渾身のその一打 バットに願いこめて Go let's go GO let's go 我らの〇〇 今岡誠
37%
今だ打てよ〇〇 足も速い〇〇 勝利を目指し さあ行こう 〇〇〇〇 田中雅彦
37%
期待の大砲 今こそヒーロー 〇〇 〇〇 さあ行こうぜ   ララ〇〇 その雄々しさに 強く伸びるアーチ 勝ち取れ〇〇 竹原直隆
37%
ダイヤモンドの スピードランナー 疾風のように 行くぞ走れ〇〇 西村徳文
33%
頼むぞ我等の若大将 勝負強さで突き進め気合を入れて振り抜けば 勝利に導くホームラン 愛甲猛
33%
燃えろ〇〇 さあ行こう勝利をめざしバットを振れば 大きなアーチ 清水将海
27%
あふれる歓声 心に感じながら 〇〇の力出し切れ 今その時 渡辺直人
13%
No matching quizzes found
Score Distribution
Percent of People with Each Score
Percentile by Number Answered
Your Score History
You have not taken this quiz